LEADER 00746nam0-22002891i-450- 001 990000274880403321 005 20001010 035 $a000027488 035 $aFED01000027488 035 $a(Aleph)000027488FED01 035 $a000027488 100 $a20001010d--------km-y0itay50------ba 101 0 $aita 105 $ay-------001yy 200 1 $aOn Inventory and Control$fMohamed Hamed Hanza. 210 $aZurich$cJ. Druck$d1966 215 $a61 p., 22 cm 676 $a629 700 1$aHamza,$bMohamed Hamed$014114 801 0$aIT$bUNINA$gRICA$2UNIMARC 901 $aBK 912 $a990000274880403321 952 $a04 022-105$bCI$fDINCH 959 $aDINCH 996 $aOn Inventory and Control$9119886 997 $aUNINA DB $aING01